| 000 | 00736nam a22002657a 4500 | ||
|---|---|---|---|
| 003 | CHAP | ||
| 005 | 20220329141038.0 | ||
| 008 | 971013s1962 r 00010 d | ||
| 010 | _a61791 | ||
| 011 | _a62763 | ||
| 035 | _a66938 | ||
| 040 | _cCHAP | ||
| 082 |
_a633.71 _bW6 |
||
| 100 | 0 | 0 |
_aWolf, Frederick A. _9122427 |
| 245 | _aAromatic or oriental tobaccos | ||
| 260 |
_aDurham, N.C. : _bDuke University, _c1962 |
||
| 300 |
_a278 h. _b: ilus. |
||
| 500 | _aFotocopia | ||
| 590 |
_aBATCH-UPD _b10 _c20130110 _lUCH01 _h0834 |
||
| 590 |
_aCONVERSION _b10 _c20130109 _lUCH01 _h1333 |
||
| 650 | 1 | 4 |
_aTabaco oriental. _9111260 |
| 901 | _aBK | ||
| 942 | _cLIBRO | ||
| 949 |
_a633.71 W6 _bBC _cLIBRO _d33724000682720 _eLIBRO _h91293 _i66938 _sb |
||
| 999 |
_c61791 _d61791 |
||